000 00403nam a2200145 4500
082 _a530
_bRUS
_cL-6, P-25
100 1 _aRusk, Rogers D.,
_939746
245 1 0 _aIntroduction to college physics.
260 _aNew York,
_bAppleton-Century-Crofts
_c[1954]
300 _a816 p.
_billus.
_c25 cm.
526 _a0
_b0
_c0
_d530_000000000000000_RUS
650 0 _aMCE
_9379
650 0 _aPhysics.
942 _2ddc
_cBK
999 _c544189
_d544189